The sheltering sky: Let it come down ; The spider's house (Record no. 36301)

MARC details
000 -LEADER
fixed length control field 00491nam a2200181Ia 4500
020 ## - INTERNATIONAL STANDARD BOOK NUMBER
ISBN 9781931082198
050 ## - CALL MARK
Classification number PS 3552.O874 .B69/
100 ## - STATEMENT OF RESPONSIBILITY--MAIN AUTHOR NAME
Personal name Bowles, Paul
245 #4 - TITLE STATEMENT
Title The sheltering sky: Let it come down ; The spider's house
260 ## - PUBLICATION, DISTRIBUTION, ETC. (IMPRINT)
Place of publication New York
260 ## - PUBLICATION, DISTRIBUTION, ETC. (IMPRINT)
Name of publisher The Library of America
260 ## - PUBLICATION, DISTRIBUTION, ETC. (IMPRINT)
Year of publication 2002
300 ## - PHYSICAL DESCRIPTION
Number of Pages 938 p
650 ## - SUBJECT ADDED ENTRY--TOPICAL TERM
Topical Term Morocco--Social life and customs--Fiction.
942 ## - ADDED ENTRY ELEMENTS (KOHA)
Koha item type Books
Holdings
Withdrawn status Lost status Source of classification or shelving scheme Damaged status Not for loan Permanent Location Current Location Date acquired Accession Number Price effective from Koha item type
    Library of Congress Classification     NILE UNIVERSITY OF NIGERIA - MAIN LIBRARY NILE UNIVERSITY OF NIGERIA - MAIN LIBRARY 04/23/2025 0189269 04/23/2025 Books